High school musical : (Record no. 1070)

MARC details
000 -LEADER
fixed length control field 01145cam a2200301 a 4500
005 - DATE AND TIME OF LATEST TRANSACTION
control field 20230821133837.0
020 ## - INTERNATIONAL STANDARD BOOK NUMBER
International Standard Book Number 9781423104223 (pbk.)
020 ## - INTERNATIONAL STANDARD BOOK NUMBER
International Standard Book Number 1423104226 (pbk.)
020 ## - INTERNATIONAL STANDARD BOOK NUMBER
International Standard Book Number 9781423104223
040 ## - CATALOGING SOURCE
Original cataloging agency JJG
Transcribing agency JJG
Modifying agency BAKER
-- OCO
-- BTCTA
-- D8D
-- XY4
-- DLC
Language of cataloging eng
050 00 - LIBRARY OF CONGRESS CALL NUMBER
Classification number PZ7.G75149
Item number Hit 2005
082 00 - DEWEY DECIMAL CLASSIFICATION NUMBER
Classification number [Fic]
Edition number 22
100 1# - MAIN ENTRY--PERSONAL NAME
Personal name Grace, N. B.
245 10 - TITLE STATEMENT
Title High school musical :
Remainder of title the junior novel /
Statement of responsibility, etc. adapted by N.B. Grace.
260 ## - PUBLICATION, DISTRIBUTION, ETC.
Place of publication, distribution, etc. New York :
Name of publisher, distributor, etc. Disney Press,
Date of publication, distribution, etc. 2005.
300 ## - PHYSICAL DESCRIPTION
Extent 139 pages, 8 unnumbered pages :
Other physical details color illustrations ;
Dimensions 20 cm
500 ## - GENERAL NOTE
General note "Based on the Disney Channel original movie "High School Musical", written by Peter Barsocchini."
500 ## - GENERAL NOTE
General note "With 8 pages of photos of the stars"--P. [1] of Cover.
505 ## - FORMATTED CONTENTS NOTE
Formatted contents note R <br/>
520 ## - SUMMARY, ETC.
Summary, etc. A shy, studious student and the captain of the basketball team secretly audition for the school musical leads
521 ## - TARGET AUDIENCE NOTE
Target audience note 710 <br/>
Source Lexile <br/>
521 ## - TARGET AUDIENCE NOTE
Target audience note R <br/>
Source Raz-Plus <br/>
700 1# - ADDED ENTRY--PERSONAL NAME
Personal name Barsocchini, Peter
Dates associated with a name 1952-
906 ## - LOCAL DATA ELEMENT F, LDF (RLIN)
a 7
b cbc
c copycat
d 2
e ncip
f 20
g y-gencatlg
942 ## - ADDED ENTRY ELEMENTS (KOHA)
Source of classification or shelving scheme Dewey Decimal Classification
Koha item type Books
Suppress in OPAC No
999 ## -
-- 1070
-- 1070
Holdings
Withdrawn status Lost status Source of classification or shelving scheme Damaged status Not for loan Collection Home library Current library Shelving location Date acquired Total Checkouts Full call number Barcode Date last seen Date last checked out Price effective from Koha item type
    Dewey Decimal Classification     Juvenile Fiction Footprints International School Library Network Toul Kork Campus Footprints International School Library Network Toul Kork Campus   07/19/2023 1 GRA Fic PZ7.G75149 FIS04427 01/26/2024 01/05/2024 07/19/2023 Books